Подробности
| 000 -МАРКЕР |
| контрольное поле |
03378nam2a2200361 4500 |
| 001 - ИДЕНТИФИКАТОР ЗАПИСИ |
| контрольное поле |
RU\NLR\BIBL_A\022031375 |
| 005 - ИДЕНТИФИКАТОР ВЕРСИИ |
| контрольное поле |
20231027160038.0 |
| 010 ## - МЕЖДУНАРОДНЫЙ СТАНДАРТНЫЙ НОМЕР КНИГИ (ISBN) |
| Номер (ISBN) |
978-5-907596-77-1 |
| 021 ## - НОМЕР ГОСУДАРСТВЕННОЙ РЕГИСТРАЦИИ |
| Код страны |
Российская Федерация |
| Номер |
КН-П-23-052499 |
| Номер Листа государственной регистраци |
КН-П-23-5268 |
| 035 ## - ДРУГИЕ СИСТЕМНЫЕ НОМЕРА |
| Идентификатор записи |
(NLR Aleph) 022031375 |
| 100 ## - ДАННЫЕ ОБЩЕЙ ОБРАБОТКИ |
| Данные общей обработки |
20230920d2023 k y0rusy50 ca |
| 101 0# - ЯЗЫК РЕСУРСА |
| Язык текста, звукозаписи и т.д. |
русский |
| 102 ## - СТРАНА ПУБЛИКАЦИИ ИЛИ ПРОИЗВОДСТВА |
| Страна публикации |
Российская Федерация |
| 105 ## - ПОЛЕ КОДИРОВАННЫХ ДАННЫХ: ТЕКСТОВЫЕ МАТЕРИАЛЫ, МОНОГРАФИЧЕСКИЕ |
| Кодированные данные о монографическом текстовом документе |
ac z 100zy |
| 200 1# - ЗАГЛАВИЕ И СВЕДЕНИЯ ОБ ОТВЕТСТВЕННОСТИ |
| Основное заглавие |
Роль Учителя в развитии человечества |
| Сведения, относящиеся к заглавию |
материалы VIII Всероссийской научно-практической конференции для молодежи "Мы творим будущее" (28.02.2023 г.) по теме "Роль Учителя в развитии человечества" |
| Первые сведения об ответственности |
Иркутское региональное отделение Международной лиги защиты культуры [и др.] |
| Последующие сведения об ответственности |
редакционная коллегия: кандидат физико-математических наук Л. М. Бакунин [и др.] |
| 210 ## - ПУБЛИКАЦИЯ, РАСПРОСТРАНЕНИЕ И ДР. |
| Место издания, распространения и т.д. |
Иркутск |
| Имя издателя, распространителя и т. д. |
Репроцентр+ |
| Дата издания, распространения и т.д. |
2023 |
| 215 ## - ФИЗИЧЕСКАЯ ХАРАКТЕРИСТИКА |
| Специфическое обозначение материала и объем |
290 с., [8] л. цв. ил., портр. |
| Другие сведения о физической характеристике |
ил., портр., факс. |
| 300 ## - ОБЩИЕ ПРИМЕЧАНИЯ |
| Текст примечания |
Описано по макету. На тит. с. и обл. только частное загл. вып. |
| 300 ## - ОБЩИЕ ПРИМЕЧАНИЯ |
| Текст примечания |
Общ. загл. вып.: Молодежные конференции "Мы творим будущее" |
| 300 ## - ОБЩИЕ ПРИМЕЧАНИЯ |
| Текст примечания |
Загл. корешка: Материалы конференций для молодежи "Мы творим будущее" |
| 300 ## - ОБЩИЕ ПРИМЕЧАНИЯ |
| Текст примечания |
На обл. подзаг.: Сборник материалов VIII Межрегиональной научно-практической конференции для молодежи |
| 461 #0 - УРОВЕНЬ НАБОРА |
| Встроенное поле |
001RU\NLR\BIBL_A\011688543 |
| -- |
2001#$aМы творим будущее$eмолодежные конференции$f[Педагогический институт Иркутского государственного университета и другие$gредакционная коллегия: доктор педагогических наук, профессор О.А. Лапина и другие]$vВып. 7 |
| Системный номер (АБИС) связанной записи |
11325314 |
| Место публикации |
Иркутск |
| Дата публикации |
2017 |
| Первые сведения об ответственности |
[Педагогический институт Иркутского государственного университета и другие |
| Имя издателя, распространителя и т.д. |
Репроцентр А1 |
| Сведения, относящиеся к заглавию |
молодежные конференции |
| Заглавие |
Мы творим будущее |
| Номер тома |
Вып. 7 |
| 516 1# - ЗАГЛАВИЕ НА КОРЕШКЕ [ИЗДАНИЯ] |
| Заглавие на корешке |
Материалы конференций для молодежи "Мы творим будущее" |
| 517 1# - ДРУГИЕ ВАРИАНТЫ ЗАГЛАВИЯ |
| Вариант заглавия |
Молодежные конференции "Мы творим будущее" |
| 606 1# - НАИМЕНОВАНИЕ ТЕМЫ КАК ПРЕДМЕТ |
| Наименование темы |
Профессия учителя |
| Формальный подзаголовок |
Съезды, совещания и т.п |
| Тематический подзаголовок |
Творческие работы школьников |
| Системный номер авторитетной/нормативной записи |
2611864 |
| Идентификатор авторитетной/нормативной записи |
RU\NLR\AUTH\661548422 |
| 686 1# - ИНДЕКСЫ ДРУГИХ КЛАССИФИКАЦИЙ |
| Индекс |
Ч421.385.35я431 |
| 711 12 - НАИМЕНОВАНИЕ ОРГАНИЗАЦИИ - АЛЬТЕРНАТИВНАЯ ОТВЕТСТВЕННОСТЬ |
| Начальный элемент ввода |
"Мы творим будущее", всероссийская научно-практическая конференция для молодежи |
| Порядковый номер временной организации и / или порядковый номер ее части |
8 |
| Место проведения временной организации |
Иркутск |
| Дата проведения временной организации |
2023 |
| Системный номер авторитетной/нормативной записи |
861371 |
| Идентификатор авторитетной/нормативной записи |
RU\NLR\AUTH\880598161 |
| 942 ## - ДОПОЛНИТЕЛЬНЫЕ ЭЛЕМЕНТЫ ЗАПИСИ (АБИС) |
| Тип экземпляра АБИС |
Книга |
| 980 ## - КОЛЛЕКЦИЯ |
| Название коллекции |
Национальная библиография |